| 000 | 00503nam a22001457a 4500 | ||
|---|---|---|---|
| 082 |
_a954.02 _bYOU _cN-01,P-79 |
||
| 100 |
_aYousaf Sidique _941618 |
||
| 245 | _aمشرق مین اسلامی تہذیب کے آثار بنگال میں عربی اور فارسی کتبات | ||
| 260 |
_aIslamabad.: _bNust Printing Press. _c2013. |
||
| 300 |
_axxviii; 651p. _bill. |
||
| 526 |
_a0 _b0 _c0 _d954_020000000000000_YOU |
||
| 526 |
_a0 _b0 _c0 _d954_020000000000000_YOU |
||
| 650 |
_aNUST _96342 |
||
| 942 |
_2ddc _cBK |
||
| 999 |
_c545679 _d545679 |
||